الثورة التكنولوجية : (Record no. 14230)
[ view plain ]
| 000 -الفاتح | |
|---|---|
| حقل البيانات ثابتة الطول | 01187nam a22002895a 4500 |
| 003 - محدد رقم الضبط | |
| رقم الضبط | OSt |
| 005 - وقت وتاريخ اخر تعامل مع التسجيلة | |
| رقم الضبط | 20201124142927.0 |
| 008 - عناصر البيانات ثابتة الطول - معلومات عامة | |
| حقل البيانات ثابتة الطول | 100627t1996 ua frb 00 0 rara d |
| 020 ## - الرقم الدولى المعيارى للكتب | |
| الرقم الدولى المعيارى للكتاب | 9772270447 |
| 040 ## - مصدر الفهرسة | |
| وكالة الفهرسة الأصلية | EG-Sb BUE |
| لغة الفهرسة | ara |
| وكالة النسخ | EG-Sb BUE |
| 043 ## - رمز المنطقة الجغرافية | |
| رمز المنطقة الجغرافية | f-ua--- |
| 082 04 - رقم تصنيف ديوى العشرى | |
| رقم التصنيف | 303.4830962 |
| رقم المادة | ث و ر |
| رقم الطبعة | 22 |
| 245 02 - بيان العنوان | |
| العنوان | الثورة التكنولوجية : |
| بقية العنوان | خيارات مصر للقرن 21 / |
| بيان المسئوليه,etc | رؤوف حامد [وآخ.] ؛ تحرير محمد السيد سعيد. |
| 246 3# - العنوان الموازى | |
| عنوان صحيح/عنوان مختصر | الثورة التكنولوجية : |
| بقية العنوان | خيارات مصر للقرن الحادي والعشرين |
| 250 ## - بيان الطبعة | |
| بيان الطبعة | ط. 1. |
| 260 ## - PUBLICATION, DISTRIBUTION, ETC. (IMPRINT) | |
| مكان الناشر او الموزع | القاهرة : |
| اسم الناشر او الموزع | مركز الدراسات السياسية والاستراتيجية، |
| تاريخ النشر أو التوزيع | 1996. |
| 300 ## - الوصف المادى | |
| التعداد | 278 ص. ؛ |
| أبعاد الوعاء | 24 سم. |
| 504 ## - تبصرة ببليوجرافية | |
| تبصرة ببليوجرافية,الخ | يشتمل على إرجاعات ببليوجرافية |
| 541 ## - تبصرة المصدر المباشر للتزويد | |
| مصدر التزويد | د.باسم ؛ |
| طريقة التزويد | إهداء ؛ |
| 650 #7 - المدخل الاضافى بالموضوع-مصطلح موضوعى | |
| مصطلح موضوعي أو اسم جغرافي كعنصر مدخل | التكنولوجيا |
| التقسيم الفرعي الجغرافي | مصر. |
| مصدر الرأس أو المصطلح | BUEsh |
| 9 (RLIN) | 27938 |
| 650 #7 - المدخل الاضافى بالموضوع-مصطلح موضوعى | |
| مصطلح موضوعي أو اسم جغرافي كعنصر مدخل | الصناعات |
| التقسيم الفرعي الجغرافي | مصر. |
| 9 (RLIN) | 15281 |
| مصدر الرأس أو المصطلح | BUEsh |
| 650 #7 - المدخل الاضافى بالموضوع-مصطلح موضوعى | |
| مصطلح موضوعي أو اسم جغرافي كعنصر مدخل | الآلات الصناعية |
| مصدر الرأس أو المصطلح | BUEsh |
| 9 (RLIN) | 15285 |
| 651 ## - المدخل الاضافى بالموضوع - اسم جغرافى | |
| مصدر الرأس أو المصطلح | BUEsh |
| 653 ## - مصطلح تكشيفى غير مقيد | |
| Resource For college | Generalities |
| Arrived date list | August2015 |
| 700 1# - المدخل الاضافى - اسم شخصى | |
| الإسم الشخصى | سعيد، محمد السيد، |
| الدور | محرر. |
| 9 (RLIN) | 15276 |
| 942 ## - عناصر المدخل الإضافي( كوها) | |
| مصدر التصنيف او مخطط الترفيف | Dewey Decimal Classification |
| حالة التراجع | حالة الفقد | مصدر التصنيف او خطة الترفيف | حالة تلف | ليس للاعارة | مجموعات كوها | المكان الدائم | المكان الحالي | موقع الترفيف | تاريخ الاكتساب | Source of acquisition | رقم الاستدعاء | الباركود | Date last seen | نوع الوعاء | مُعار |
|---|---|---|---|---|---|---|---|---|---|---|---|---|---|---|---|
| Dewey Decimal Classification | Alef-Baa | Central Library | Central Library | First floor | 27/06/2010 | Donation | 303.4830962 ث و ر | 000021217 | 15/07/2025 | Book - Borrowing | |||||
| Dewey Decimal Classification | Alef-Baa | Central Library | Central Library | First floor | 27/11/2011 | Donation | 303.4830962 ث و ر | 000025732 | 15/07/2025 | Book - Borrowing | 23/03/2016 |